Central Library OPAC University of Rajshahi

Men and their motives : (Record no. 29279)

MARC details
000 -LEADER
fixed length control field 01221cam a22002651 4500
001 - CONTROL NUMBER
control field 29279
003 - CONTROL NUMBER IDENTIFIER
rucl marc code BD-RjUL
005 - DATE AND TIME OF LATEST TRANSACTION
control field 20211209051407.0
008 - FIXED-LENGTH DATA ELEMENTS--GENERAL INFORMATION
fixed length control field 140403s1947 xx 001 0 eng
035 ## - SYSTEM CONTROL NUMBER
System control number (BD-RjUL)29364
System control number (OCoLC)669938
040 ## - CATALOGING SOURCE
Original cataloging agency DLC
Transcribing agency ODaU
Modifying agency OClW-H
-- OCoLC
-- DLC
-- BD-RjUL
Language of cataloging eng
041 ## - LANGUAGE CODE
Language code of text/sound track or separate title eng
082 ## - DEWEY DECIMAL CLASSIFICATION NUMBER
Classification number 131.3462
Author mark and year FLM 1947
100 1# - MAIN ENTRY--PERSONAL NAME
Personal name Flugel, J. C.
Fuller form of name (John Carl),
Dates associated with a name 1884-1955.
9 (RLIN) 4162
245 10 - TITLE STATEMENT
Title Men and their motives :
Remainder of title psycho-analytical studies /
Statement of responsibility, etc. by J. C. Flugel. With two essays by Ingeborg Flugel.
260 ## - PUBLICATION, DISTRIBUTION, ETC. (IMPRINT)
Place of publication, distribution, etc. New York, N.Y. :
Name of publisher, distributor, etc. International Universities Press, Inc.,
Date of publication, distribution, etc. 1947.
300 ## - PHYSICAL DESCRIPTION
Pagination 289 p. ;
Size 23 cm.
505 0# - FORMATTED CONTENTS NOTE
Formatted contents note The psychology of birth control.- Sexual and social sentiments.- Some problems of jealousy.- Maurice Bedel's "Jerome": a study of contrasting types.- Esperanto and the international language movement.- On the significance of names, by Ingeborg Flugel.- Some psychological aspects of a fox-hunting rite, by Ingeborg Flugel.- On the character and married life of Henry VIII.
650 #0 - SUBJECT ADDED ENTRY--TOPICAL TERM
Topical term or geographic name as entry element Psychoanalysis.
9 (RLIN) 89358
700 1# - ADDED ENTRY--PERSONAL NAME
Personal name Flugel, Ingeborg Kingberg,
Dates associated with a name 1890-
942 ## - ADDED ENTRY ELEMENTS (KOHA)
Source of classification or shelving scheme Dewey Decimal Classification
Koha item type Books
Holdings
Lost status Source of classification or shelving scheme Damaged status Not for loan Collection code Permanent Location Current Location Shelving location Date acquired Source of acquisition Cost, normal purchase price Total Checkouts Full call number Date last seen Copy number Koha item type
  Dewey Decimal Classification   Added to bundle Non-fiction Central Library, University of Rajshahi Central Library, University of Rajshahi Reading Room 25/01/1956 Shawket Raj 15.00   131.3462 FLM 1947 03/04/2014 C-1 Books
  Dewey Decimal Classification     Non-fiction Central Library, University of Rajshahi Central Library, University of Rajshahi   02/02/1956 A.B.C 12.00   131.3462 FLM 1947 03/04/2014 C-2 Books